Carregant...
Management control and organizational behaviour
| Autor principal: | |
|---|---|
| Altres autors: | |
| Format: | Printed Book |
| Publicat: |
London
Paul Chapman
1993
|
| Matèries: |
| LEADER | 00527cam a2200169ua 4500 | ||
|---|---|---|---|
| 082 | |a 658.3 |b JOH/M | ||
| 100 | |a Johnson, Phil | ||
| 245 | 1 | 0 | |a Management control and organizational behaviour |
| 260 | |a London |b Paul Chapman |c 1993 | ||
| 300 | |a xi,188p. | ||
| 500 | |a Includes index and eferences. | ||
| 650 | |a Personnel management | ||
| 650 | 0 | |a Management | |
| 700 | 0 | 2 | |a Gill, John |
| 942 | |c BK | ||
| 999 | |c 14052 |d 14052 | ||
| 952 | |0 0 |1 0 |4 0 |6 658_300000000000000_JOHM |7 0 |9 14651 |a KUCL |b KUCL |d 2014-05-23 |l 0 |o 658.3 JOH/M |p 06691 |r 2014-05-23 |y BK | ||